000 00655nam a2200205 4500
999 _c169216
_d169216
005 20191108130447.0
010 _aENG-126868
020 _a978818183153397
_c800.00
035 _aEN-110400
037 _bDBAD/PUB
082 _a891.22
100 _aUnni, N.P.
245 _aSanskrit dramas of kulasekhara:
_cby N.P. Unni
_bA study /
250 _aed. 2nd
260 _aNew Delhi
_bNew bharatiya book corporation
_c2018
270 _a4735/22, Ansari Road, Darya Gang
_b New Delhi
_e110002
_k23280214, 23280209
300 _ax;226p.
_c22cm(Hb)
_bill.
500 _aIncludes bibliographical references
942 _2ddc
_cEN
_h891.22
_mUNN